Municípios da Região Metropolitana de Londrina (PR) no mapa - Statistics

Estatísticas Gerais
  • Esse quiz foi jogado 118 vezes
  • A pontuação média é 12 de 25
Respostas no mapa
Respostas codificadas por cores de uma escala verde-vermelha no mapa do quiz de acordo com a % correta abaixo.
 
Estatísticas das Respostas
Município % Correto
Londrina
95%
Cambé
92%
Arapongas
83%
Rolândia
80%
Ibiporã
70%
Tamarana
55%
Primeiro de Maio
53%
Sertanópolis
53%
Assaí
47%
Bela Vista do Paraíso
47%
Porecatu
45%
Sertaneja
45%
Jataizinho
43%
Alvorada do Sul
42%
Sabáudia
42%
Jaguapitã
38%
Centenário do Sul
37%
Florestópolis
37%
Uraí
37%
Miraselva
35%
Pitangueiras
35%
Guaraci
33%
Rancho Alegre
33%
Prado Ferreira
30%
Lupionópolis
28%
Nenhum quiz correspondente encontrado
Distribuição das Pontuações
Porcentagem de Pessoas com Cada Pontuação
Percentil de Números Respondidos
Sua Pontuação Histórica
Você não jogou esse quiz